000
00313nam a22001457a 4500
020
_a
81-7439-014-6
082
_a
001
_b
YEN/H
100
_a
YENNE,BILL
245
_a
100 INVENTIONS
250
_a
FIRST
260
_a
NEW DELHI
_b
GEMINI BOOKS
_c
2002
300
_a
112
650
_a
INVENTIONS
_z
NEW DELHI
942
_c
BK
999
_c
6566
_d
6566